Derecho privado : (Registro nro. 29037)
[ vista simple ]
| 000 -LEADER | |
|---|---|
| fixed length control field | 03059nam a2200277Ia 4500 |
| 003 - CONTROL NUMBER IDENTIFIER | |
| control field | CO-CtgCURN |
| 005 - DATE AND TIME OF LATEST TRANSACTION | |
| control field | 20250408190129.0 |
| 008 - FIXED-LENGTH DATA ELEMENTS--GENERAL INFORMATION | |
| fixed length control field | 190723s1996 xx 000 0 und d |
| 020 ## - INTERNATIONAL STANDARD BOOK NUMBER | |
| International Standard Book Number | 9586281221 |
| 040 ## - CATALOGING SOURCE | |
| Original cataloging agency | CO-CtgCURN |
| Language of cataloging | spa |
| Transcribing agency | coctgcurn |
| 082 ## - DEWEY DECIMAL CLASSIFICATION NUMBER | |
| Classification number | 346 |
| Item number | B562 |
| 100 ## - MAIN ENTRY--PERSONAL NAME | |
| Personal name | Betancourt Rey, Miguel |
| Relator term | autor |
| 9 (RLIN) | 8922 |
| 245 #0 - TITLE STATEMENT | |
| Title | Derecho privado : |
| Remainder of title | categorias básicas / |
| Statement of responsibility, etc. | Miguel Betancourt Rey; prólogo., José Alejandro Bonivento Fernández |
| 250 ## - EDITION STATEMENT | |
| Edition statement | 1 edición |
| 260 ## - PUBLICATION, DISTRIBUTION, ETC. | |
| Place of publication, distribution, etc. | Bogotá, Colombia : |
| Name of publisher, distributor, etc. | Universidad Nacional de Colombia, |
| Date of publication, distribution, etc. | 1996 |
| 300 ## - PHYSICAL DESCRIPTION | |
| Extent | 595 páginas ; |
| Dimensions | 24 centímetros. |
| 500 ## - GENERAL NOTE | |
| General note | Incluye índice y prólogo |
| 504 ## - BIBLIOGRAPHY, ETC. NOTE | |
| Bibliography, etc. note | Incluye referencias bibliográficas |
| 505 ## - FORMATTED CONTENTS NOTE | |
| Formatted contents note | Pte. I. Noción del conjunto del derecho civil -- Capitulo preliminar. Contenido del derecho civil -- Significado del derecho -- Derecho y moral -- Gestación del derecho -- Finalidad del derecho -- Derecho positivo y derecho natural -- Ramas del derecho -- Disciplinas auxiliares del derecho -- Libro 1. Contenido del derecho civil -- Cap. 1. Sujetos de derechos y derechos subjetivos -- Cap. 2. Derechos subjetivos privados -- Cap. 3. Medios de adquisición, traslación y extinción de los derechos subjetivos: los hechos jurídicos -- Cap. 4. Medios de adquisición, traslación y extinción de los derechos subjetivos: loas negocios jurídicos -- Cap. 5. Clasificación de los medios de adquisición, traslación y extinción de los derechos privados -- Libro 2. Continente del derecho civil (Derecho civil objetivo) -Título 1. Las varias fuentes del derecho civil -- Cap. 1. Generalidades: fuentes reales y formales del derecho -- Cap. 2. La ley: historia y características de la legislación colombiana -- Cap. 3. La costumbre -- Cap. 4. Los principios generales del derecho -- Cap. 5. La jurisprudencia -- Título 2. Teoría general de la ley civil -- Cap. 1. Caracteres de la ley -- Cap.2. Interpretación de la ley e integración del derecho -- Cap. 3. Conflictos de la ley en el tiempo -- Cap. 4. Conflictos de ley en el espacio -- Pte. 2. Régimen civil de las personas -- Título 1. La persona y sus atributos -- Cap. 1. Principio y fin de la persona -- Cap. 2. Atributos de la personalidad --Cap. Estado civil -- Cap. 4. Prueba del estado civil -- Título 2. Las incapacidades -- Cap. 1. Generalidades: incapacidad y representación legal -- Cap. 2. Características de las varias incapacidades -- Cap. 3. Representación legal del hijo de familia -- Cap. 4. Representación legal de los demás incapaces -- Libro 2. Personas jurídicas -- Cap. 1. Naturaleza y clasificación de las personas jurídicas -- Cap. 2. Nacimiento, vida y extinción de las personas jurídicas -- Cap. 3. Capacidad y atributos de la personas jurídicas |
| 521 ## - TARGET AUDIENCE NOTE | |
| Target audience note | AREA PROFESIONAL |
| 590 ## - LOCAL NOTE (RLIN) | |
| Local note | Programa de Derecho_18 |
| 650 ## - SUBJECT ADDED ENTRY--TOPICAL TERM | |
| Topical term or geographic name entry element | Derecho privado |
| 9 (RLIN) | 8923 |
| 700 ## - ADDED ENTRY--PERSONAL NAME | |
| Relationship | Bonivento Fernández, José Alejandro |
| Relator term | prólogo |
| 9 (RLIN) | 8924 |
| 942 ## - ADDED ENTRY ELEMENTS (KOHA) | |
| Koha item type | Libros |
| Classification part | 346 |
| Item part | B562 |
| Source of classification or shelving scheme | Dewey Decimal Classification |
| Suppress in OPAC | No |
| Withdrawn status | Lost status | Damaged status | Not for loan | Collection | Home library | Current library | Shelving location | Date acquired | Inventory number | Total checkouts | Full call number | Barcode | Date last seen | Copy number | Price effective from | Koha item type |
|---|---|---|---|---|---|---|---|---|---|---|---|---|---|---|---|---|
| Miguel Henríquez Castañeda Barranquilla | Miguel Henríquez Castañeda Barranquilla | General | 05/23/2018 | 02265 | 346 B562 | 02265 | 07/23/2019 | ej.1 | 07/23/2019 | Libros |